Wird geladen...
Techniques with bacteria
| 1. Verfasser: | |
|---|---|
| Format: | Printed Book |
| Veröffentlicht: |
London
Hutchinson Educational
1974
|
| LEADER | 00364nam a22001097a 4500 | ||
|---|---|---|---|
| 082 | |a 579 |b RAW.T | ||
| 100 | |a Pawsey, Rosa K | ||
| 245 | |a Techniques with bacteria | ||
| 260 | |a London |b Hutchinson Educational |c 1974 | ||
| 942 | |c BK | ||
| 999 | |c 14953 |d 14953 | ||
| 952 | |0 0 |1 0 |4 0 |6 579_000000000000000_RAW_T |7 0 |9 17224 |a CAMPUS |b CAMPUS |d 2017-08-07 |l 0 |o 579 RAW.T |p 02706 |r 2017-08-07 |w 2017-08-07 |y BK | ||